000 00355nam a2200133Ia 4500
008 240624s9999 xx 000 0 und d
041 _aeng
082 _a828 THA
100 _aTHAPAR VALMIK
245 _aLAST TIGER STRUGGLING FOR SURVIVAL
260 _c2011
_aNew Delhi
_bOxford University Press
300 _axx, : 274 : p. : cm. ; 21
365 _cRS
_b32
999 _c19084
_d19084